| 000 | 00000nas##2200000za#4500 |
| 001 | 9.512280 |
| 003 | CaOODSP |
| 005 | 20210305151630 |
| 007 | ta |
| 008 | 150406c1976||||xxc|| p #||||f| |0eng|d |
| 022 | |a0707-9311 |
| 040 | |aCaOODSP|beng |
| 041 | |aeng |
| 041 | |afre |
| 043 | |an-cn--- |
| 086 | 1 |aX2 |
| 110 | 1 |aCanada. |bParliament. |bHouse of Commons. |
| 245 | 10|aJournals |
| 260 | |aOttawa - Ontario : |bHouse of Commons |
| 310 | |aWeekly |
| 362 | 1 |aOct. 12, 1976 -- Nos. 145A to 145B, from Thursday, June 28, 2012 to Friday, June 29, 2012, 41st Parliament, First Session). |
| 546 | |aText in English and French in parallel columns. |
| 563 | |aProcessed |
| 776 | 0#|tJournals |w(CaOODSP)9.500644 |
| 792 | |tJournaux |efre|w(CaOODSP)9.512281 |